Ľavobrežné manévre Boj o sociálnodemokratický glejt na Slovensku

Bibliographic Details
Main Author: Gembický, Július (Author)
Format: Article
Language:Slovak
PhysicalDescription:Obr. 1
Subjects:

MARC

LEADER 00000nab a2200000 a 4500
001 vtls000480418
003 SK-MaSNL
005 20260426071003.0
008 150205c1993 xo 0 slo
015 |a SNBRB19rr/mm-uuuuu 
035 |a CL0480553 
040 |a SNKBUCL  |b slo  |c SNKBUCL  |e AACR2 
041 0 |a slo 
044 |a xo  |c SK 
080 |a 329(437.6)  |2 1981 
100 1 |a Gembický, Július  |4 aut  |9 232498 
245 1 0 |a Ľavobrežné manévre  |b Boj o sociálnodemokratický glejt na Slovensku  |c Július Gembický 
300 |b Obr. 1 
650 0 7 |a vnútorná politika  |2 snkbucl  |9 970 
651 7 |a Slovensko  |2 snkbucl  |9 14231 
655 7 |a články z novín a časopisov  |2 snkbucl  |9 267496 
773 0 |t Národná obroda  |g Roč. 4, č. 80 (6. 4. 1993), s. 3 
850 |a Slovenská národná knižnica v Martine  |a MTA001 
852 |a SNK  |b KIS3GCP 
958 |a RK 
992 |a RBX 
999 |c 2673313  |d 2675243